000 00946nam a22002297a 4500
008 081223t xxu||||| |||| 00| 0 eng d
010 _aENG-92277
020 _c50.00
035 _aEN-75810
037 _bDBAD / PUB
040 _adpl
_bEnglish
082 _a346.540436
245 _aArcher's the Transfer of Property Act, 1882 with latest amendments and state amendments:
_bBare Act
260 _aNew Delhi
_bArcher Publications
_c2006-07
270 _a138, Sector-IV, Pocket B/8, Rohini,
_bNew Delhi
_e110085
300 _a70p.
_c22cm (pbk)
650 _aVendors and purchasers
_zIndia
650 _aLand titles
_xRegistration and transfer
_zIndia
651 _aIndia
_xTransfer of Property Act, 1882.
942 _2ddc
_cEN
_mARC
_h346.540436
999 _c20182
_d20182